Lealtades enmarañadas: vida y época de Iliá Ehrenburg
Guardat en:
| Autor principal: | |
|---|---|
| Format: | Llibre |
| Idioma: | espanyol |
| Publicat: |
Madrid
Siglo Veintiuno de España Editores S. A
2012
|
| Matèries: | |
| Etiquetes: |
Afegir etiqueta
Sense etiquetes, Sigues el primer a etiquetar aquest registre!
|
MARC
| LEADER | 00000cam a2200000 a 4500 | ||
|---|---|---|---|
| 001 | UCF8953 | ||
| 003 | CL-VaPUC | ||
| 008 | 131011e20120000sp |||||||||||||||||spa|d | ||
| 020 | |a 9788432316166 | ||
| 082 | 0 | 4 | |a 928.57 |b RUB |2 21 |
| 100 | 0 | |a Rubenstein, Joshua |e author |9 571079 | |
| 245 | 1 | 0 | |a Lealtades enmarañadas: vida y época de Iliá Ehrenburg |
| 300 | |a 527 p | ||
| 942 | |c BK | ||
| 945 | |d 20131011 10:45:00 |a dcastane | ||
| 260 | |a Madrid |b Siglo Veintiuno de España Editores S. A |c 2012 | ||
| 650 | 0 | |a Biografías |9 255210 | |
| 650 | 7 | |a ESCRITORES RUSOS |2 CL-VaPUC |9 483895 | |
| 650 | 0 | |a Periodistas |9 335499 | |
| 650 | 0 | |a Comunismo |9 255588 | |
| 583 | |a last modification |c 20131011 10:45:00 |k Rodrigo Vera | ||
| 999 | |c 353452 |d 353450 | ||
| 952 | |0 0 |1 0 |3 erb |4 0 |6 928_570000000000000_RUB_2012 |7 0 |8 A |9 458670 |a BIBEDU |b BIBEDU |d 2019-11-23 |i 5017904 |o 928.57 RUB 2012 |p 5017904 |r 2019-11-23 |w 2019-11-23 |y BK |z Catalogado en:20131011 |k PSI | ||